000 00413nam a2200169Ia 4500
005 20250603145650.0
008 250603s9999 xx 000 0 und d
020 _a9781446286050
050 _aJZ 1234 .L36/
100 _aLamont, Christopher
245 0 _aResearch methods in international relations
260 _aLondon
260 _bSAGE Publications
260 _c2020
650 _aLondon
942 _cBK
999 _c42500
_d42500